[Event "Mechanics' Summer TNM; 30/90, SD/30"]
[Site "San Francisco"]
[Date "2011.05.31"]
[Round "2.1"]
[White "Grey, Peter"]
[Black "Buscara, Sevan"]
[Result "0-1"]
[WhiteElo "2006"]
[BlackElo "2516"]
[PlyCount "26"]
[EventDate "2011.??.??"]

1. e4 d5 2. exd5 Qxd5 3. Nc3 Qa5 4. Nf3 Nf6 5. Be2 Bg4 6. O-O e6 7. h3 Bh5 8.
d3 Nc6 9. Be3 Bd6 10. Qd2 O-O-O 11. Ng5 h6 12. Nge4 $4 (12. Nf3 $11) 12... Nxe4
13. Nxe4 Qxd2 0-1

[Event "Mechanics' Summer TNM; 30/90, SD/30"]
[Site "San Francisco"]
[Date "2011.06.14"]
[Round "4.9"]
[White "Grey, Peter"]
[Black "De Lenea, Digne"]
[Result "1/2-1/2"]
[WhiteElo "2006"]
[BlackElo "1851"]
[PlyCount "108"]
[EventDate "2011.??.??"]

1. Nf3 Nf6 2. c4 c5 3. g3 Nc6 4. Bg2 e5 5. Nc3 Be7 6. O-O O-O 7. e3 d5 8. cxd5
Nxd5 9. Nxe5 Nxc3 10. Nxc6 Nxd1 11. Nxd8 Nxe3 12. dxe3 Rxd8 13. e4 Be6 14. Be3
Rac8 15. b3 b6 16. f4 f5 17. Rad1 fxe4 18. Bxe4 Bf6 19. Rxd8+ Rxd8 20. Rc1 Bd4
21. Kf2 Bxe3+ 22. Kxe3 Re8 23. Kf3 Rd8 24. Ke3 g6 25. Rc2 Bg4 26. Rd2 Re8 27.
Rd5 Bf5 28. Re5 Rxe5 29. fxe5 Be6 30. Bd3 Kf7 31. Kf4 h6 32. h4 Bd5 33. g4 a5
34. g5 h5 35. Bc4 Ke6 36. Bd3 Kf7 37. e6+ Bxe6 38. Ke5 a4 39. Bxg6+ Ke7 40. Bc2
axb3 41. axb3 b5 42. Bd1 b4 43. Bc2 c4 44. bxc4 Bxc4 45. Kd4 Be6 46. Kc5 b3 47.
Bb1 Bg8 48. Kb4 Kd6 49. Kc3 Ke5 50. Bg6 Kf4 51. Bxh5 Kg3 52. Be2 Kxh4 53. g6
Kg5 54. Bd3 Kf6 1/2-1/2

[Event "Mechanics' Summer TNM; 30/90, SD/30"]
[Site "San Francisco"]
[Date "2011.07.05"]
[Round "7.6"]
[White "Grey, Peter"]
[Black "Margulis, Igor"]
[Result "1/2-1/2"]
[WhiteElo "2006"]
[BlackElo "2100"]
[PlyCount "62"]
[EventDate "2011.??.??"]

1. e4 d5 2. exd5 Nf6 3. Nf3 Nxd5 4. d4 g6 5. h3 Bg7 6. c4 Nb6 7. Nc3 O-O 8. Be3
Nc6 9. Be2 e5 10. dxe5 Nxe5 11. Nxe5 Bxe5 12. Qxd8 Rxd8 13. Rc1 Be6 14. b3 Rd7
15. O-O Re8 16. Bf3 c6 17. Ne4 f5 18. Nc5 Rf7 19. Nxe6 Rxe6 20. Rcd1 Bf6 21. g4
Bh4 22. gxf5 gxf5 23. Kh2 Bf6 24. Rg1+ Rg7 25. Rxg7+ Kxg7 26. Bxb6 axb6 27.
Rd7+ Re7 28. Rxe7+ Bxe7 29. Be2 Kf6 30. Kg2 Ke5 31. Kg3 Bc5 1/2-1/2

[Event "Mechanics' Summer TNM; 30/90, SD/30"]
[Site "San Francisco"]
[Date "2011.06.14"]
[Round "4.10"]
[White "Harris, John"]
[Black "Banik, Siddharth"]
[Result "0-1"]
[WhiteElo "1693"]
[BlackElo "1984"]
[PlyCount "72"]
[EventDate "2011.??.??"]

1. e4 c5 2. Nf3 Nc6 3. Bb5 g6 4. O-O Bg7 5. Re1 e5 6. d3 Nge7 7. Bg5 d6 8. Nc3
f6 9. Bh4 Be6 10. Bc4 Bxc4 11. dxc4 Nd4 12. Nb5 Nxb5 13. cxb5 O-O 14. Qd3 g5
15. Bg3 Qd7 16. Rad1 Rad8 17. b4 b6 18. bxc5 bxc5 19. Qc4+ Kh8 20. Bxe5 fxe5
21. Nxg5 Ng6 22. Qe6 Qc7 23. Qh3 h6 24. Ne6 Qf7 25. Nxf8 Rxf8 26. Qg3 Nf4 27.
f3 Bf6 28. Qg4 Rg8 29. Qf5 Nxg2 30. Kf1 Nxe1 31. Rxd6 Qc4+ 32. Rd3 Nxd3 33.
Qxf6+ Rg7 34. cxd3 Qxd3+ 35. Kf2 Qd2+ 36. Kf1 Qf4 0-1

[Event "Mechanics' Summer TNM; 30/90, SD/30"]
[Site "San Francisco"]
[Date "2011.06.28"]
[Round "6.18"]
[White "Harris, John"]
[Black "Mar, Henry"]
[Result "1-0"]
[WhiteElo "1693"]
[BlackElo "1544"]
[PlyCount "39"]
[EventDate "2011.??.??"]

1. e4 c6 2. d4 d5 3. Nc3 dxe4 4. Nxe4 Bf5 5. Ng3 Bg6 6. h4 h6 7. f4 Nd7 8. Nf3
Ngf6 9. Bd3 Bxd3 10. Qxd3 e6 11. Bd2 Qc7 12. O-O-O O-O-O 13. Ne5 Ng4 $4 14.
Nxg4 Bd6 15. Ne5 f6 16. Ng6 Rh7 17. Ne4 h5 18. Nxd6+ Qxd6 19. Ne7+ Qxe7 20.
Qxh7 1-0

[Event "Mechanics' Summer TNM; 30/90, SD/30"]
[Site "San Francisco"]
[Date "2011.05.31"]
[Round "2.21"]
[White "Harris, John"]
[Black "Rakonitz, David"]
[Result "1-0"]
[WhiteElo "1693"]
[BlackElo "1316"]
[PlyCount "115"]
[EventDate "2011.??.??"]

1. f4 Nf6 2. Nf3 e6 3. g3 b6 4. Bg2 Bb7 5. c3 c5 6. O-O Be7 7. Qc2 Qc7 8. Na3
a6 9. d3 d5 10. Bd2 Nbd7 11. Rad1 O-O 12. Ng5 Rfc8 13. e3 b5 14. Nb1 b4 15. c4
dxc4 16. dxc4 Bxg2 17. Kxg2 Rd8 18. Kg1 g6 19. e4 Nb6 20. f5 exf5 21. exf5 Qc6
22. Rde1 Bf8 23. fxg6 hxg6 24. Ne6 Re8 25. Rxf6 Bg7 26. Rff1 Rxe6 27. b3 Bd4+
28. Rf2 Bxf2+ 29. Kxf2 Rae8 30. Rxe6 Qxe6 31. Qd3 Qd7 32. Qxd7 Nxd7 33. Be3 Re6
34. Nd2 Nf6 35. h3 Nd7 36. Kf3 Ne5+ 37. Kf2 Nd7 38. Kf3 f5 39. Nf1 Kf7 40. Bf2
Ne5+ 41. Kg2 Nd3 42. Be3 Ke7 43. Bg5+ Kd7 44. Ne3 Kc6 45. Kf3 Nc1 46. Nxf5 Nxa2
47. Ne7+ Kd7 (47... Rxe7 48. Bxe7 Nc1) 48. Nd5 Nc3 49. Nf4 Rc6 50. Nd3 Rc8 51.
Be3 Rf8+ 52. Kg4 Ne4 53. Bxc5 Nxc5 54. Nxc5+ Ke7 55. Nxa6 Ra8 56. Nxb4 Rb8 57.
Nd5+ Kd6 58. b4 {both players stopped keeping score here. White later won.} 1-0

[Event "Mechanics' Summer TNM; 30/90, SD/30"]
[Site "San Francisco"]
[Date "2011.06.14"]
[Round "4.20"]
[White "Hilliard, Michael"]
[Black "Milliken, William"]
[Result "1/2-1/2"]
[WhiteElo "1466"]
[BlackElo "1688"]
[PlyCount "56"]
[EventDate "2011.??.??"]

1. d4 d5 2. Nf3 e6 3. e3 Nf6 4. Bd3 b6 5. Nbd2 Bb7 6. O-O Nbd7 7. Re1 c5 8. c3
Be7 9. e4 dxe4 10. Nxe4 O-O 11. Nfg5 Nxe4 12. Nxe4 cxd4 13. cxd4 Nf6 14. Nxf6+
Bxf6 15. Be3 Qd5 16. f3 Rfd8 17. Be4 Qd7 18. Bxb7 Qxb7 19. Re2 Rd5 20. Rc1 Rad8
21. Rd2 Qd7 22. Rc4 h6 23. f4 Be7 24. Qc2 Qb5 25. a3 Bf6 26. Rc3 Qd7 27. Rc7
Qd6 28. Rc6 Qd7 1/2-1/2

[Event "Mechanics' Summer TNM; 30/90, SD/30"]
[Site "San Francisco"]
[Date "2011.05.31"]
[Round "2.18"]
[White "Hilliard, Michael"]
[Black "Salvo, Tab"]
[Result "0-1"]
[WhiteElo "1466"]
[BlackElo "1723"]
[PlyCount "64"]
[EventDate "2011.??.??"]

1. d4 d6 2. Nf3 Nf6 3. e3 c5 4. c3 cxd4 5. cxd4 a6 6. Bd3 Nc6 7. a3 g6 8. O-O
Bg7 9. Nbd2 O-O 10. Re1 b5 11. e4 Bb7 12. d5 Nb8 13. Rb1 Nbd7 14. b4 Rc8 15.
Bb2 Nb6 16. Qb3 Qe8 17. Nd4 Ng4 18. Rbc1 Ne5 19. Rxc8 Bxc8 20. N4f3 Nxd3 21.
Bxg7 Nxe1 22. Bxf8 Nxf3+ 23. Nxf3 Qxf8 24. Qc3 Nc4 25. Kf1 Bg4 26. Nd4 Qg7 27.
f3 Bd7 28. Ke2 Qe5 29. h3 f5 30. Kd3 fxe4+ 31. fxe4 Qg3+ 32. Nf3 Qxg2 0-1

[Event "Mechanics' Summer TNM; 30/90, SD/30"]
[Site "San Francisco"]
[Date "2011.06.14"]
[Round "4.11"]
[White "Hua, Arnold"]
[Black "Dembling, Arthur"]
[Result "1-0"]
[WhiteElo "1920"]
[BlackElo "1810"]
[PlyCount "113"]
[EventDate "2011.??.??"]

1. e4 e6 2. Nf3 d5 3. Nc3 Nf6 4. e5 Nfd7 5. d4 c5 6. dxc5 Nc6 7. Bf4 Bxc5 8.
Bd3 Qc7 9. Qe2 Nb4 10. O-O Nxd3 11. cxd3 O-O 12. Rac1 Qd8 13. Ng5 Be7 14. Qh5
Bxg5 15. Bxg5 f6 16. exf6 Nxf6 17. Qe2 Bd7 18. Rfe1 Qb6 19. Bh4 Rac8 20. Bg3
Ne8 21. Be5 Rf7 22. d4 Nd6 23. Bxd6 Qxd6 24. Qe5 Qb6 25. b3 Rf5 26. Qe3 Rcf8
27. Nd1 Qd6 28. Rc3 Rc8 29. Rxc8+ Bxc8 30. g3 Bd7 31. f4 Qa3 32. Re2 Qd6 33.
Nf2 Rf6 34. Ng4 Rg6 35. Ne5 Rf6 36. Rc2 Rf8 37. Qc3 Bc6 38. Nxc6 bxc6 39. Qxc6
Qe7 40. Re2 Re8 41. f5 Rd8 42. Qxe6+ Qxe6 43. fxe6 Re8 44. Re5 Kf8 45. Kf2 Re7
46. Ke3 g6 47. Kd3 Kg7 48. Kc3 Kf6 49. Kb4 Rxe6 50. Rxe6+ Kxe6 51. Kc5 h6 52.
b4 h5 53. a4 g5 54. a5 h4 55. g4 a6 56. b5 axb5 57. a6 1-0

[Event "Mechanics' Summer TNM; 30/90, SD/30"]
[Site "San Francisco"]
[Date "2011.06.21"]
[Round "5.5"]
[White "Hua, Arnold"]
[Black "Wheeler, Cameron"]
[Result "1-0"]
[WhiteElo "1920"]
[BlackElo "2052"]
[PlyCount "57"]
[EventDate "2011.??.??"]

1. e4 e6 2. Nf3 d5 3. Nc3 Nf6 4. e5 Nfd7 5. d4 c5 6. dxc5 Bxc5 7. Bd3 Nc6 8.
Qe2 a6 9. O-O Nd4 10. Nxd4 Bxd4 11. Bf4 Qc7 12. Rfe1 Bxc3 13. bxc3 Qxc3 14. Qg4
Kf8 15. Rab1 Nc5 16. Qh4 Bd7 17. Re3 Nxd3 18. cxd3 Qc2 19. Rbe1 h6 20. Rg3 Rc8
21. Qg4 g5 22. h4 Rg8 23. Qh5 Rg6 24. hxg5 hxg5 25. Bxg5 Qc3 26. Qh8+ Rg8 27.
Bh6+ Ke7 28. Qf6+ Ke8 29. Rxg8# 1-0

[Event "Mechanics' Summer TNM; 30/90, SD/30"]
[Site "San Francisco"]
[Date "2011.05.31"]
[Round "2.8"]
[White "Jones, James"]
[Black "Askin, Michael"]
[Result "1-0"]
[WhiteElo "2081"]
[BlackElo "1810"]
[PlyCount "71"]
[EventDate "2011.??.??"]

1. e4 c5 2. Nf3 d6 3. Bb5+ Bd7 4. Bxd7+ Qxd7 5. O-O Nf6 6. d3 Nc6 7. Bg5 e6 8.
Nbd2 Be7 9. Re1 O-O 10. a4 a6 11. Nc4 Qc7 12. a5 d5 13. exd5 Nxd5 14. Bxe7
Ndxe7 15. Ng5 Nd5 16. Qh5 Nf6 17. Qh4 Nd4 18. Ne3 h6 19. Ne4 Nxe4 20. dxe4 Nc6
21. Ng4 f5 22. Nxh6+ gxh6 23. Qxh6 Rae8 24. Ra3 f4 25. Rh3 Qg7 26. Qh5 e5 27.
Rh4 Rd8 28. Rg4 Rf7 29. Rxg7+ Rxg7 30. Rd1 Nd4 31. Kf1 f3 32. gxf3 Rf8 33. Rd3
Rf6 34. c3 c4 35. Qxe5 Rg1+ 36. Kxg1 1-0

[Event "Mechanics' Summer TNM; 30/90, SD/30"]
[Site "San Francisco"]
[Date "2011.06.14"]
[Round "4.3"]
[White "Jones, James"]
[Black "Traub, Igor"]
[Result "0-1"]
[WhiteElo "2081"]
[BlackElo "2140"]
[PlyCount "58"]
[EventDate "2011.??.??"]

1. e4 d5 2. d4 dxe4 3. Nc3 Nf6 4. f3 exf3 5. Qxf3 Qxd4 6. Be3 Qh4+ 7. g3 Qb4 8.
O-O-O e5 9. a3 Qa5 10. Bh3 Nbd7 11. Bxd7+ Bxd7 12. Qxb7 Rd8 13. Nf3 Bxa3 14.
Nxe5 Qxe5 15. Bf4 Qxc3 16. Rhe1+ Be6 17. Rxd8+ Kxd8 18. Rd1+ Nd7 19. bxa3 Qxa3+
20. Kd2 Qa5+ 21. Kc1 Re8 22. Qb2 g5 23. Bd2 Qa2 24. Bxg5+ Kc8 25. Qc3 Qc4 26.
Qe3 Nb6 27. Rd4 Qf1+ 28. Rd1 Qxd1+ 29. Kxd1 Bg4+ 0-1

[Event "Mechanics' Summer TNM; 30/90, SD/30"]
[Site "San Francisco"]
[Date "2011.07.12"]
[Round "8.10"]
[White "Kleiman, Charles"]
[Black "Abraham, Renjish"]
[Result "0-1"]
[WhiteElo "1858"]
[BlackElo "1835"]
[PlyCount "92"]
[EventDate "2011.??.??"]

1. c4 e5 2. Nc3 Nf6 3. g3 Nc6 4. Bg2 Bc5 5. d3 O-O 6. a3 a5 7. Nd5 h6 8. e3 d6
9. Bd2 Nxd5 10. cxd5 Ne7 11. b4 axb4 12. axb4 Rxa1 13. Qxa1 Bb6 14. h3 Qd7 15.
Ne2 Qb5 16. d4 Nxd5 17. dxe5 Nxb4 18. O-O Qxe2 19. Bxb4 c5 20. Bc3 dxe5 21.
Bxe5 f6 22. Bc3 Bc7 23. Re1 Qh5 24. Qa2+ Kh8 25. g4 Qf7 26. Bd5 Qe7 27. Qc2 Qd6
28. Bg2 b6 29. Qg6 Be6 30. f4 Bf7 31. Qf5 Qe6 32. Qc2 Re8 33. Qf2 Qc4 34. Ba1
Qa2 35. Qh4 Qe6 36. g5 fxg5 37. fxg5 Kh7 38. gxh6 gxh6 39. Qf2 Bg6 40. Rd1 Rd8
41. Rf1 Be5 42. Kh1 b5 43. e4 c4 44. Qa7+ Rd7 45. Qc5 Bxa1 46. Rxa1 Bxe4 0-1

[Event "Mechanics' Summer TNM; 30/90, SD/30"]
[Site "San Francisco"]
[Date "2011.06.28"]
[Round "6.9"]
[White "Kleiman, Charles"]
[Black "Grey, Peter"]
[Result "1/2-1/2"]
[WhiteElo "1858"]
[BlackElo "2006"]
[PlyCount "55"]
[EventDate "2011.??.??"]

1. d4 Nf6 2. Nf3 g6 3. g3 Bg7 4. Bg2 O-O 5. O-O d6 6. c4 Nc6 7. Nc3 a6 8. d5
Na5 9. Qd3 c5 10. Rb1 Rb8 11. b4 cxb4 12. Rxb4 Bd7 13. a4 b6 14. Be3 Bf5 15.
Qd2 Qc7 16. Qa2 Rfc8 17. Nd4 Nxc4 18. Nxf5 gxf5 19. Bd4 Nd7 20. Bxg7 Kxg7 21.
Rc1 Qc5 22. Rbb1 b5 23. axb5 axb5 24. Qc2 e6 25. e4 Na3 26. Qb2 e5 27. Ne2 Nc4
28. Qc2 1/2-1/2

[Event "Mechanics' Summer TNM; 30/90, SD/30"]
[Site "San Francisco"]
[Date "2011.06.14"]
[Round "4.12"]
[White "Kleiman, Charles"]
[Black "Macintyre, Brendan"]
[Result "1/2-1/2"]
[WhiteElo "1858"]
[BlackElo "1643"]
[PlyCount "70"]
[EventDate "2011.??.??"]

1. c4 c5 2. Nc3 b6 3. Nf3 Bb7 4. g3 g6 5. Bg2 Bg7 6. O-O Nf6 7. d4 cxd4 8. Nxd4
Bxg2 9. Kxg2 O-O 10. f3 Nc6 11. e4 Nxd4 12. Qxd4 Rc8 13. a4 d6 14. Qd3 Nd7 15.
b3 Nc5 16. Qc2 Qd7 17. Rb1 Ne6 18. Ne2 Qc6 19. Be3 h5 20. Qd3 Nc5 21. Qd5 Ne6
22. Rfd1 Kh7 23. h4 Qxd5 24. exd5 Nc5 25. Rd2 Bh6 26. f4 Bg7 27. Ra2 Rb8 28. b4
Nd7 29. a5 b5 30. c5 dxc5 31. bxc5 Nf6 32. Rd2 Rfd8 33. Rbd1 b4 34. c6 Rdc8 35.
Ra2 Rb5 1/2-1/2

[Event "Mechanics' Summer TNM; 30/90, SD/30"]
[Site "San Francisco"]
[Date "2011.05.31"]
[Round "2.16"]
[White "Kleiman, Charles"]
[Black "Mar, Henry"]
[Result "1-0"]
[WhiteElo "1858"]
[BlackElo "1544"]
[PlyCount "71"]
[EventDate "2011.??.??"]

1. c4 Nf6 2. d4 e6 3. g3 g6 4. Bg2 Bg7 5. Nc3 O-O 6. e4 d6 7. Nge2 c6 8. O-O
Nbd7 9. f4 c5 10. e5 Ne8 11. exd6 Nxd6 12. b3 f5 13. Be3 cxd4 14. Bxd4 Nf6 15.
Rc1 Re8 16. Kh1 Ng4 17. Bc5 Bf8 18. h3 Nf6 19. Qc2 Qc7 20. Bd4 Bg7 21. Be5 Nd7
22. Nb5 Qd8 23. Bxd6 e5 24. Nc7 e4 25. Nxa8 Nf6 26. Be5 Bd7 27. Nc7 Re7 28.
Bxf6 Bxf6 29. Nd5 Rf7 30. Nxf6+ Qxf6 31. Qc3 Qd8 32. Rfd1 Qc7 33. Qd4 Bc6 34.
Qd8+ Kg7 35. Qxc7 Rxc7 36. Rd8 1-0

[Event "Mechanics' Summer TNM; 30/90, SD/30"]
[Site "San Francisco"]
[Date "2011.06.21"]
[Round "5.12"]
[White "Krasnov, Steven"]
[Black "Harris, John"]
[Result "1-0"]
[WhiteElo "1968"]
[BlackElo "1693"]
[PlyCount "85"]
[EventDate "2011.??.??"]

1. c4 c6 2. Nf3 d5 3. b3 Bg4 4. Bb2 Nf6 5. d3 Bxf3 6. gxf3 e6 7. e3 Nbd7 8. f4
Qc7 9. Nd2 e5 10. fxe5 Nxe5 11. Qe2 dxc4 12. bxc4 O-O-O 13. d4 Bb4 14. Bg2 Ng6
15. Rc1 Nf4 16. Qf1 Qa5 17. Rc2 Qf5 18. Kd1 Qg4+ 19. Bf3 Qf5 20. exf4 Bxd2 21.
Rxd2 Qb1+ 22. Bc1 Ne4 23. Qh3+ Kb8 24. Bxe4 Qxe4 25. Re1 Qb1 26. Qd3 Qb6 27.
Ba3 Rd7 28. Re7 Qc7 29. Rxd7 Qxd7 30. Qg3 Qf5 31. Kc1 Re8 32. Bd6+ Ka8 33. Qd3
Qg4 34. f3 Qg1+ 35. Kb2 g6 36. Be5 f6 37. Bxf6 Re3 38. Re2 Rxe2+ 39. Qxe2 a6
40. h3 Ka7 41. Qd3 Qe1 42. d5 Qb4+ 43. Kc2 1-0

[Event "Mechanics' Summer TNM; 30/90, SD/30"]
[Site "San Francisco"]
[Date "2011.05.31"]
[Round "2.13"]
[White "Krasnov, Steven"]
[Black "Nelson, Christopher"]
[Result "1-0"]
[WhiteElo "1968"]
[BlackElo "1525"]
[PlyCount "35"]
[EventDate "2011.??.??"]

1. d4 f5 2. Nc3 Nf6 3. Bg5 e6 4. e4 fxe4 5. Nxe4 Be7 6. Ng3 d5 7. Bd3 O-O 8. c3
Qe8 9. h4 e5 10. dxe5 Ng4 11. Nf3 Nxe5 12. Nxe5 Bxg5 13. Bxh7+ Kxh7 14. hxg5+
Kg8 15. Qxd5+ Be6 16. Qe4 Rf7 17. Ng6 Re7 18. Rh8+ 1-0

[Event "Mechanics' Summer TNM; 30/90, SD/30"]
[Site "San Francisco"]
[Date "2011.06.07"]
[Round "3.15"]
[White "Krienke, Jason"]
[Black "Curto, Wayne"]
[Result "0-1"]
[WhiteElo "1694"]
[BlackElo "1900"]
[PlyCount "80"]
[EventDate "2011.??.??"]

1. e4 c6 2. d4 d5 3. exd5 cxd5 4. Bd3 Nf6 5. Bf4 Nc6 6. c3 Bg4 7. Nf3 e6 8.
Nbd2 Bd6 9. Bxd6 Qxd6 10. O-O O-O 11. Re1 Rfc8 12. h3 Bh5 13. a3 Rab8 14. Nf1
b5 15. Ng3 Bxf3 16. Qxf3 Na5 17. Nh5 Nxh5 18. Qxh5 g6 19. Qe2 Nc4 20. b4 a6 21.
Bxc4 Rxc4 22. Rac1 Rbc8 23. Qd2 Kg7 24. Re3 Qb6 25. Ra1 Qc6 26. Rc1 Qc7 27. Rf3
h6 28. h4 a5 29. h5 g5 30. Rg3 Kh8 31. bxa5 Qxa5 32. f4 Qc7 33. Rf3 g4 34. f5
Kh7 35. Rf4 Rxc3 36. Rxc3 Qxc3 37. Qf2 $4 g3 38. Qe2 Qa1+ 39. Rf1 Qxd4+ 40. Kh1
Qh4+ 0-1

[Event "Mechanics' Summer TNM; 30/90, SD/30"]
[Site "San Francisco"]
[Date "2011.07.12"]
[Round "8.18"]
[White "Krienke, Jason"]
[Black "Eytan, David"]
[Result "1-0"]
[WhiteElo "1694"]
[BlackElo "1608"]
[PlyCount "95"]
[EventDate "2011.??.??"]

1. e4 c5 2. c3 Nc6 3. d4 cxd4 4. cxd4 e6 5. Nf3 Nf6 6. e5 Nd5 7. Nc3 Bb4 8. Bd2
Qa5 9. Nb5 O-O 10. a3 Bxd2+ 11. Qxd2 Qxd2+ 12. Kxd2 Na5 13. Kc2 b6 14. b4 Nb7
15. Nc3 Nxc3 16. Kxc3 d6 17. Bd3 a5 18. Ng5 h6 19. Ne4 d5 20. Ng3 Bd7 21. Rhc1
Ba4 22. f4 Nd8 23. bxa5 Rxa5 24. Rab1 b5 25. Kb4 Nb7 26. Rc7 Ra7 27. Rbc1 g6
28. Re7 Bb3 29. Rcc7 Bd1 30. Rxb7 Ra4+ 31. Kc3 Rxa3+ 32. Kd2 Kg7 33. Bxb5 Bg4
34. Bd3 Ra2+ 35. Bc2 Kg8 36. h3 Rc8 37. Rbc7 Rxc7 38. Rxc7 Bf5 39. Nxf5 gxf5
40. g4 fxg4 41. hxg4 Kg7 42. f5 exf5 43. gxf5 h5 44. f6+ Kh6 45. Rxf7 h4 46.
Rh7+ Kg5 47. f7 Ra8 48. Rg7+ 1-0

[Event "Mechanics' Summer TNM; 30/90, SD/30"]
[Site "San Francisco"]
[Date "2011.05.24"]
[Round "1.4"]
[White "Krienke, Jason"]
[Black "Sandberg, Evan"]
[Result "0-1"]
[WhiteElo "1694"]
[BlackElo "2168"]
[PlyCount "56"]
[EventDate "2011.??.??"]

1. e4 d5 2. exd5 Qxd5 3. Nc3 Qa5 4. Nf3 Nf6 5. d4 Bg4 6. Be2 Nc6 7. Be3 O-O-O
8. O-O e5 9. d5 Nxd5 10. Ng5 Nxe3 11. Bxg4+ f5 12. Bxf5+ Nxf5 13. Qg4 g6 14.
Nxh7 Nce7 15. Nf6 Rh4 16. Qe2 Bg7 17. Nfe4 Nd5 18. Rfd1 Nd4 19. Qc4 Nxc3 20.
bxc3 Rxe4 21. cxd4 exd4 22. Qf7 Rde8 23. g3 R4e7 24. Qxg6 d3 25. Rab1 d2 26.
Qg4+ Kb8 27. Rxb7+ Kxb7 28. Qf3+ Kc8 0-1

[Event "Mechanics' Summer TNM; 30/90, SD/30"]
[Site "San Francisco"]
[Date "2011.06.21"]
[Round "5.21"]
[White "Krienke, Jason"]
[Black "Shi, Jaysen"]
[Result "1/2-1/2"]
[WhiteElo "1694"]
[BlackElo "1237"]
[PlyCount "51"]
[EventDate "2011.??.??"]

1. e4 e6 2. Bb5 Nc6 3. Nf3 d6 4. d4 Nf6 5. Nc3 Bd7 6. O-O Be7 7. Re1 O-O 8. h3
a6 9. Bxc6 Bxc6 10. d5 exd5 11. Nxd5 Nxd5 12. exd5 Bd7 13. Bf4 Bf6 14. Qd2 Re8
15. Rxe8+ Bxe8 16. c4 b5 17. Rc1 bxc4 18. Rxc4 Rb8 19. b3 Bb5 20. Re4 Qc8 21.
Bg5 Qf5 22. Rf4 Bxg5 23. Rxf5 Bxd2 24. Nxd2 Re8 25. Rf3 Re1+ 26. Kh2 1/2-1/2

[Event "Mechanics' Summer TNM; 30/90, SD/30"]
[Site "San Francisco"]
[Date "2011.07.05"]
[Round "7.3"]
[White "Lin, Michael K"]
[Black "Byambaa, Uyanga"]
[Result "0-1"]
[WhiteElo "2026"]
[BlackElo "2050"]
[PlyCount "92"]
[EventDate "2011.??.??"]

1. d4 f5 2. c4 Nf6 3. Nc3 g6 4. h4 d6 5. h5 Nxh5 6. Rxh5 gxh5 7. e4 Bg7 8.
Qxh5+ Kf8 9. exf5 Qe8 10. Qf3 Nc6 11. Nb5 Nxd4 12. Nxd4 Bxd4 13. Bh6+ Bg7 14.
Bxg7+ Kxg7 15. O-O-O Qf7 16. Bd3 Rf8 17. g4 e6 18. Ne2 exf5 19. Rh1 h6 20. Qf4
Qf6 21. gxf5 Bxf5 22. Bxf5 Qxf5 23. Qxh6+ Kf7 24. Nd4 Qg6 25. Qf4+ Qf6 26. Qg4
Qg6 27. Qd7+ Kg8 28. Ne2 Rf7 29. Qb5 Qe6 30. Qg5+ Rg7 31. Qh5 Qxc4+ 32. Nc3
Qf4+ 33. Kb1 Kf8 34. Rh3 Rg1+ 35. Kc2 Qxf2+ 36. Ne2 Ke7 37. Qh7+ Kf8 38. Qh5
Rf1 39. Qh8+ Ke7 40. Qh7+ Qf7 41. Qe4+ Qe6 42. Qd3 Qf5 43. Rh7+ Kf6 44. Rxc7
Qxd3+ 45. Kxd3 Re8 46. Rxb7 Rf3+ 0-1

[Event "Mechanics' Summer TNM; 30/90, SD/30"]
[Site "San Francisco"]
[Date "2011.06.07"]
[Round "3.5"]
[White "Lin, Michael K"]
[Black "Rumph, Todd"]
[Result "0-1"]
[WhiteElo "2026"]
[BlackElo "2152"]
[Annotator "Rumph"]
[PlyCount "70"]
[EventDate "2011.??.??"]

1. e4 e5 2. Nf3 Nc6 3. Bb5 a6 4. Ba4 d6 5. O-O Bd7 (5... Bg4 {
can lead to sharper play:} 6. h3 h5 $5 7. d4 $1 b5 8. Bb3 Nxd4 9. hxg4 hxg4 10.
Ng5 Nh6) 6. c3 Nge7 7. d4 Ng6 8. Be3 {8. Re1, 8. Nbd2, and 8. d5 are also OK}
Be7 9. Nbd2 O-O 10. Re1 h6 (10... Nh4) (10... exd4 11. cxd4 Nb4 12. Bxd7 Qxd7 {
followed by 13...d5 looks equal.}) 11. Nf1 Nh4 $6 (11... exd4 12. cxd4 Bf6) 12.
Nxh4 Bxh4 13. g3 $1 Bg5 14. f4 exf4 15. gxf4 Bh4 (15... Bf6 16. e5 dxe5 17.
fxe5 Bh4 18. Ng3 Be6 19. Bc2 $16) 16. Ng3 Ne7 (16... f5 17. Bb3+ Kh8 18. e5 (
18. d5 Ne7 19. Bd4 (19. e5 dxe5 20. fxe5 $2 f4 $19) 19... fxe4 20. Qh5 Bf6 $11)
(18. Qh5 fxe4 19. d5 Na5 20. Bc2 Bxg3 21. hxg3 Qe8 $11) 18... dxe5 19. dxe5 (
19. fxe5 $2 f4) 19... Na5 20. Bd5 c6 21. Bg2 Nc4 22. Bf2 Be6 $16) 17. Bb3 $1 {
Stopping 17...d5.} Kh7 $6 (17... Kh8 $1 18. Qh5 Ng8 19. f5 (19. Bxf7 $2 Bxg3
20. hxg3 Nf6 21. Qg6 Qe7 22. Bb3 Be8 23. Qf5 Bd7) 19... Bxg3 20. hxg3 Nf6 21.
Qh4 Nh7 $14) 18. Qf3 $2 (18. Qh5 $1 $16) 18... f5 19. e5 dxe5 20. dxe5 Bc6 (
20... Qe8 $14 {preventing 21. Qh5 is better.} 21. Qxb7 $2 Bxg3 22. hxg3 Bc6 23.
Qb4 Qh5 $19) 21. Qh5 $16 Bxg3 (21... Ng6 $2 22. Be6 $1 Be4 23. Rad1 Qe8 (23...
Qe7 24. Bxf5 Bxf5 25. Nxf5 Rxf5 26. Qxf5 Bxe1 27. Rxe1 $16) 24. Bd7 Qf7 25.
Nxe4 Bxe1 $2 26. Ng5+ $18) 22. hxg3 Qe8 23. Qe2 $2 (23. Qxe8 Rfxe8 $16) 23...
Qg6 24. Kf2 Nd5 25. Bc5 Rfd8 (25... Nxf4 $2 26. gxf4 Qg2+ 27. Ke3 Qe4+ 28. Kd2
Rfd8+ 29. Kc1 Qxf4+ 30. Qe3 $16) 26. Rg1 {Black was threatening 26...Nxf4} b6 {
With the idea of 27...Bb7 and 28...Qc6 or 28...c5.} 27. Bd4 Bb7 28. c4 $2 (28.
Rad1 c5 29. Be3 Nxe3 30. Kxe3 (30. Qxe3 $2 Qh5 $11) 30... Be4 31. g4 b5 $14)
28... Nf6 $1 29. exf6 $2 (29. Rad1 $8 Ng4+ 30. Ke1 $8 (30. Kf1 Bf3 $1 $19)
30... c5 31. Bf2 Qe6 32. Bc2 g6 $17) 29... Rxd4 30. Qe7 Re8 31. f7 $5 {
Setting a very nice trap} (31. Qxg7+ Qxg7 32. fxg7 Rd2+ 33. Kf1 Ree2 34. g8=Q+
Kxg8 35. c5+ Kg7 36. Bc4 Bg2+ 37. Rxg2 Rxg2 $19 {loses pretty quietly.}) 31...
Rd2+ ({The trap:} 31... Rxe7 $2 32. f8=N+ $3 Kg8 (32... Kh8 $2 33. Nxg6+ Kh7
34. Nxe7 $18) 33. Nxg6 Rd2+ 34. Kf1 Ree2 35. c5+ Kh7 36. Nf8+ {draw!}) 32. Kf1
(32. Ke1 Rxe7+ $19) 32... Qc6 33. f8=N+ $8 (33. Qxe8 Qf3+ 34. Ke1 Qf2#) (33.
fxe8=Q Qf3+ 34. Ke1 Qf2#) 33... Rxf8 34. Qe3 Re8 $1 35. Qxd2 Qf3+ (35... Qf3+
36. Qf2 Qd3+ 37. Qe2 Qxe2#) 0-1

[Event "Mechanics' Summer TNM; 30/90, SD/30"]
[Site "San Francisco"]
[Date "2011.06.14"]
[Round "4.8"]
[White "Lin, Michael K"]
[Black "Russell, Joe"]
[Result "1/2-1/2"]
[WhiteElo "2026"]
[BlackElo "1872"]
[PlyCount "73"]
[EventDate "2011.??.??"]

1. e4 d5 2. exd5 Qxd5 3. Nc3 Qa5 4. d4 c6 5. Bc4 Bf5 6. Nf3 e6 7. Qe2 Nf6 8.
Bd2 Bb4 9. O-O-O Nbd7 10. Ne5 Nxe5 11. dxe5 Nd5 12. Ne4 Bxd2+ 13. Rxd2 Bxe4 14.
Qxe4 O-O-O 15. Rhd1 Ne7 16. f4 Rxd2 17. Rxd2 Rd8 18. Rxd8+ Qxd8 19. c3 Qb6 20.
Qe1 Nf5 21. Bd3 Qe3+ 22. Qxe3 Nxe3 23. Be4 h6 24. h3 g5 25. fxg5 hxg5 26. b3
Nf1 27. Kd1 Ng3 28. Bf3 Nf5 29. Ke2 Kc7 30. Bg4 Nh4 31. Bh5 Nxg2 32. Bxf7 Kd7
33. Kf3 Nf4 34. h4 Nd3 35. Ke4 Nf2+ 36. Kf3 Nd3 37. Ke4 1/2-1/2

[Event "Mechanics' Summer TNM; 30/90, SD/30"]
[Site "San Francisco"]
[Date "2011.07.05"]
[Round "7.14"]
[White "Litowsky, Daniel"]
[Black "Askin, Michael"]
[Result "0-1"]
[WhiteElo "1700"]
[BlackElo "1810"]
[PlyCount "79"]
[EventDate "2011.??.??"]

1. e4 c5 2. Nc3 a6 3. a3 e6 4. Bc4 b5 5. Ba2 Bb7 6. d3 Nc6 7. Nf3 Nf6 8. O-O
Be7 9. Bf4 d6 10. h3 O-O 11. Ne2 Rc8 12. Ng3 d5 13. e5 Nd7 14. c3 d4 15. Qe2
Nb6 16. Ne4 Nd5 17. Bd2 Re8 18. c4 Nb6 19. cxb5 axb5 20. Rac1 Nd7 21. Bg5 Ncxe5
22. Bxe7 Nxf3+ 23. Qxf3 Qxe7 24. Qf4 e5 25. Qg3 Bxe4 26. dxe4 c4 27. f4 Nf6 28.
Rce1 Nh5 29. Qg5 Nxf4 30. Qg4 Nd3 31. Re2 Rc6 32. Bb1 Nf4 33. Ref2 Rg6 34. Qf3
Qc5 35. Kh2 Rf8 36. g3 Ne6 37. h4 Rf6 38. Qh5 Rxf2+ 39. Rxf2 d3 40. Rf5 0-1